[Event "Kaissa CC"]
[Site "Kharkov UKR"]
[Date "2000.05.29"]
[Round "2"]
[White "Arzumanian,G"]
[Black "Budnikov,O"]
[Result "1-0"]
[WhiteElo "2326"]
[BlackElo "2363"]

1.e4 g6 2.d4 Bg7 3.Nc3 d6 4.Be3 a6 5.f4 b5 6.Be2 Bb7 7.Bf3 b4 8.e5 d5 9.Na4 Nd7
10.c3 bxc3 11.Nxc3 e6 12.Nge2 h5 13.O-O Nh6 14.g3 Nb6 15.Bf2 Qd7 16.h3 Nf5
17.b3 a5 18.a4 Ba6 19.Kg2 Bf8 20.Rh1 Bb4 21.g4 Ne7 22.Rc1 Nc6 23.gxh5 gxh5
24.Ng3 h4 25.Nh5 Be7 26.Kh2 Nb4 27.Nb5 Bxb5 28.axb5 Kd8 29.Qe2 Kc8 30.Rc5 a4
31.Qd2 axb3 32.Qxb4 Ra2 33.Rf1 b2 34.Rb1 Nc4 35.Be2 Qd8 36.b6 Bxc5 37.dxc5 Rxh5
38.Bxh5 Qh8 39.b7+ Kb8 40.c6 Qh6 41.Kg2 Qg7+ 42.Kf3 f6 43.Rg1 Qh8 44.Bf7 b1=Q
45.Rxb1 fxe5 46.Qe7 e4+ 47.Kg2 Nd6 48.Kh1 Nf5 49.Qxe6 e3 50.Qxf5 exf2 51.Bxd5 Re2
52.Qc8+ Qxc8 53.bxc8=Q+ Kxc8 54.Rf1 Re3 55.Rxf2 Rxh3+ 56.Rh2 Rd3 57.Be6+ Kd8
58.Rxh4 Ke7 59.Bd7 Rd2 60.Rh2 Rd4 61.Rf2 Kf6 62.Kg2 Rd1 63.Ra2 Ke7 64.Kf3 Rf1+
65.Ke4 Re1+ 66.Kf5  1-0

[Event "Master Open"]
[Site "Lausanne SUI"]
[Date "2000.06.01"]
[Round "2"]
[White "Berkvens,J"]
[Black "Gassij,O"]
[Result "1-0"]
[WhiteElo "2297"]
[BlackElo "2095"]

1.e4 d6 2.d4 g6 3.Nc3 Bg7 4.f4 Nf6 5.Nf3 O-O 6.Bd3 Na6 7.O-O c5 8.d5 Rb8
9.Qe2 Nc7 10.a4 Bg4 11.Bc4 a6 12.a5 e6 13.dxe6 fxe6 14.h3 Bxf3 15.Qxf3 Kh8
16.Rd1 Qe7 17.Be3 Nh5 18.g3 Rbe8 19.Re1 Bd4 20.Kh2 Ng7 21.g4 Qf6 22.Ne2 e5
23.f5 gxf5 24.exf5 e4 25.Qg3 Be5 26.Bf4 d5 27.Ba2 Rg8 28.Bxe5 Rxe5 29.Rf1 c4
30.b3 Nxf5 31.Nd4 Nb5 32.Nxf5 Rxf5 33.Rxf5 Qxa1 34.bxc4 dxc4 35.Bxc4 Rd8
36.Rd5 Rf8 37.Rf5 Rd8 38.Qf4 Qg7 39.Rf7 Nd6 40.Rxg7 Kxg7  1-0

[Event "FSGM June"]
[Site "Budapest HUN"]
[Date "2000.06.03"]
[Round "1"]
[White "Lorscheid,G"]
[Black "Kallio,H"]
[Result "0-1"]
[WhiteElo "2318"]
[BlackElo "2452"]

1.d4 g6 2.e4 Bg7 3.Nc3 d6 4.Nf3 Nf6 5.Be2 c6 6.O-O O-O 7.a4 a5 8.Re1 Qb6
9.h3 Rd8 10.Bc4 Na6 11.Bb3 Qc7 12.e5 dxe5 13.Nxe5 Nd5 14.Nxd5 cxd5 15.Bf4 Qb6
16.Nf3 Be6 17.c3 h6 18.Ra3 Nb8 19.Qd2 Kh7 20.Bc2 Nd7 21.Rb3 Qc6 22.Bd3 Nf8
23.Ne5 Qc8 24.h4 h5 25.Nf3 f6 26.Rb6 Re8 27.Bb5 Bd7 28.Qe2 Ra7 29.Bg3 Bc6
30.Nd2 Nd7 31.Bxc6 bxc6 32.Rb3 e5 33.f4 e4 34.f5 Bh6 35.Nf1 Nf8 36.fxg6+ Kxg6
37.Ne3 Qe6 38.Rf1 Bxe3+ 39.Qxe3 Rg7 40.Kh2 Nd7 41.Rb7 Reg8 42.Bf4 Kh7 43.g3 f5
44.Bg5 Nf6 45.Rxg7+ Rxg7 46.Bxf6 Qxf6 47.b4 Ra7 48.bxa5 Rxa5 49.Ra1 f4 50.Qxf4 Qxf4
51.gxf4 Kg6 52.Kg3 Kf5 53.Ra2 Ra7 54.a5 Rg7+ 55.Kf2 Kxf4 56.a6 e3+ 57.Kf1 Kf3
58.a7 e2+ 59.Rxe2 Rxa7 60.Rf2+ Ke3 61.Rf6 Rc7 62.Kg2 Kd2 63.Rf3 Rg7+  0-1

[Event "Guillermo Garcia Premier I"]
[Site "Santa Clara CUB"]
[Date "2000.06.07"]
[Round "12"]
[White "Vera,R"]
[Black "Borges Mateos,J"]
[Result "1/2-1/2"]
[WhiteElo "2546"]
[BlackElo "2435"]

1.d4 d6 2.e4 g6 3.Nc3 Bg7 4.Bg5 Nf6 5.e5 Nfd7 6.f4 O-O 7.Nf3 a6 8.Bd3 Nb6
9.O-O Bg4 10.Qe1 Nc6 11.Qh4 Qd7 12.d5  1/2-1/2

[Event "TCh-POR"]
[Site "Aveiro POR"]
[Date "2000.06.11"]
[Round "1"]
[White "Baptista,P"]
[Black "Paulino,J"]
[Result "0-1"]
[WhiteElo "2161"]
[BlackElo "2046"]

1.e4 g6 2.d4 Bg7 3.Nc3 d6 4.Be2 Nf6 5.h4 h6 6.h5 g5 7.Be3 d5 8.f3 dxe4 9.fxe4 c6
10.Nh3 Qa5 11.Nf2 b5 12.Qd2 b4 13.Ncd1 Na6 14.a3 Rb8 15.b3 O-O 16.Nb2 Qc7
17.axb4 Nxb4 18.c3 Qg3 19.cxb4 Nxe4 20.Qd3 Bf5 21.Kf1 Nxf2 22.Qxf5 Nxh1 23.Bd3 Rfd8
24.Bg1 Rd6 25.Qh7+ Kf8 26.Be4 Rf6+ 27.Bf5  0-1

[Event "TCh-POR"]
[Site "Aveiro POR"]
[Date "2000.06.12"]
[Round "2"]
[White "Padeiro,J"]
[Black "Leonardo,J"]
[Result "0-1"]
[WhiteElo "2161"]
[BlackElo "2280"]

1.e4 g6 2.d4 Bg7 3.Nc3 d6 4.Be3 c6 5.Qd2 Nd7 6.O-O-O b5 7.e5 d5 8.e6 fxe6
9.Nf3 Qa5 10.Kb1 b4 11.Ne2 Ngf6 12.Ng5 Nb6 13.Nf4 O-O 14.a3 Nc4 15.Bxc4 dxc4
16.Ngxe6 Bxe6 17.Nxe6 c3 18.Qe1 Rfb8 19.d5 cxb2 20.Rd3 cxd5 21.Bc5 Ne4 22.Bxb4 Rxb4
23.Qxb4 Qxb4 24.axb4 Nxf2 25.Nxg7 Kxg7 26.Rhd1 e6 27.Kxb2 Rb8 28.Kb3 Rb7
29.Rc1 Nxd3 30.cxd3 a5 31.Rc6 Rxb4+ 32.Ka3  0-1

[Event "FSGM June"]
[Site "Budapest HUN"]
[Date "2000.06.15"]
[Round "13"]
[White "Nguyen Anh Dung"]
[Black "Lorscheid,G"]
[Result "1-0"]
[WhiteElo "2496"]
[BlackElo "2318"]

1.e4 d6 2.d4 g6 3.Nc3 Bg7 4.Be3 c6 5.Qd2 b5 6.Nf3 Nd7 7.Bd3 Qc7 8.O-O Ngf6
9.Bh6 O-O 10.Ne2 a6 11.Ng3 e5 12.c3 Kh8 13.Nh4 Bxh6 14.Qxh6 Ng8 15.Qe3 Qd8
16.Nf3 Qe7 17.Nd2 c5 18.a4 cxd4 19.cxd4 exd4 20.Qxd4+ Qe5 21.Qxe5+ Nxe5 22.Be2 Rb8
23.axb5 axb5 24.f4 Nc6 25.Nf3 Nf6 26.Rfd1 Rd8 27.Rac1 Rb6 28.e5 Ne8 29.Ne4 d5
30.Rc5 Be6 31.Nc3 Nc7 32.Nxb5 Nxb5 33.Rxb5 Rdb8 34.Rxb6 Rxb6 35.Rd2 Rb4 36.g3 d4
37.Kf2 Kg7 38.Ng5 Bd5 39.Bf3 Bxf3 40.Kxf3 h6 41.Nh3 f6 42.exf6+ Kxf6 43.Nf2 g5
44.Ng4+ Kg6 45.Rc2 Ne7 46.Rc7 Ng8 47.Ne5+ Kf5 48.g4+ Ke6 49.Nd3 Rb3 50.Ke4 Nf6+
51.Kxd4 Kd6 52.Rf7 Nd5 53.f5 Nf4 54.Rd7+  1-0

[Event "Ordix Open"]
[Site "Frankfurt GER"]
[Date "2000.06.16"]
[Round "3"]
[White "Vehi Bach,V"]
[Black "Svidler,P"]
[Result "1-0"]
[WhiteElo "2431"]
[BlackElo "2672"]

1.e4 g6 2.d4 Bg7 3.Nc3 d6 4.Be3 a6 5.a4 Nc6 6.h3 e5 7.Nf3 exd4 8.Nxd4 Nf6
9.g3 O-O 10.Bg2 Nb4 11.O-O Re8 12.Qd2 d5 13.exd5 Nbxd5 14.Nxd5 Nxd5 15.Bh6 Bf6
16.Rfe1 Rxe1+ 17.Rxe1 c6 18.c3 Bd7 19.c4 Nc7 20.Nf3 Ne6 21.Rd1 Qc7 22.Bf4 Nxf4
23.Qxd7 Ne6 24.Qxc7 Nxc7 25.Rd7 Rc8 26.h4 b5 27.b3 bxa4 28.bxa4 Ne6 29.Bh3 Nc5
30.Ra7 Rd8 31.Ng5 Bxg5 32.hxg5 Rd4 33.Bg2 Rxc4 34.Bxc6 Ne6 35.Rxa6 Nxg5 36.a5 Rc2
37.Kg2 Ra2 38.Ra7 Kg7 39.a6 Kf6 40.Bd5  1-0

[Event "Balatontourist Open"]
[Site "Budapest HUN"]
[Date "2000.06.17"]
[Round "2"]
[White "Boros,De"]
[Black "Francsics,E"]
[Result "0-1"]
[WhiteElo "2084"]
[BlackElo "2248"]

1.e4 d6 2.d4 g6 3.Nc3 Bg7 4.f4 Nd7 5.Nf3 b6 6.Bc4 e6 7.O-O Ne7 8.Ng5 h6 9.Nxf7 Kxf7
10.f5 Nf6 11.fxe6+ Kg8 12.e5 dxe5 13.Rxf6 Bxf6 14.Qf3 Qxd4+ 15.Be3 Qxc4 16.Ne4 Qxe6
17.Bxh6 Bg7 18.Ng5 Qd5 19.Rd1 Qxf3  0-1

[Event "ch-IND Women"]
[Site "Mumbai IND"]
[Date "2000.06.18"]
[Round "11"]
[White "Swathi,G"]
[Black "Gokhale,A"]
[Result "1-0"]
[WhiteElo "2297"]
[BlackElo "2197"]

1.e4 g6 2.d4 Bg7 3.Nc3 d6 4.f4 Nf6 5.Nf3 O-O 6.Be2 Na6 7.O-O c5 8.d5 Nc7
9.a4 Rb8 10.Bc4 a6 11.e5 Nd7 12.Qe2 b5 13.axb5 axb5 14.Nxb5 Nb6 15.Nxc7 Qxc7
16.b3 Bf5 17.Nh4 Nxc4 18.Nxf5 gxf5 19.Qxc4 Rb4 20.Qc3 Qb7 21.Qd3 Kh8 22.Bb2 c4
23.Qxf5 cxb3 24.c3 Rc4 25.Qd3 Rfc8 26.Rf3 dxe5 27.fxe5 Bxe5 28.Rxf7 Qb6+
29.Kh1 Qh6 30.g3 Bf6 31.Qxc4 Rg8 32.d6 Qd2 33.Qe4 Bg7 34.dxe7 Qxb2 35.Raf1 Qxc3
36.e8=Q b2 37.Qxg8+ Kxg8 38.Qe8+  1-0

[Event "zt 1.4"]
[Site "Budapest HUN"]
[Date "2000.06.19"]
[Round "3"]
[White "Manik,M"]
[Black "Spasov,V"]
[Result "1/2-1/2"]
[WhiteElo "2469"]
[BlackElo "2590"]

1.e4 g6 2.d4 Bg7 3.Nc3 d6 4.Be3 a6 5.Qd2 b5 6.a4 b4 7.Nd1 a5 8.c3 Nf6 9.f3 bxc3
10.bxc3 O-O 11.Bd3 c6 12.Ne2 e5 13.O-O Nbd7 14.Bg5 Re8 15.Nf2 Qc7 16.Rfd1 Rb8
17.Rab1 Bb7 18.Rbc1 Ba8 19.Bc4 d5 20.Ba2 Bb7 21.dxe5 Nxe5 22.Bxf6 Bxf6 23.f4 Nd7
24.c4 d4 25.Nxd4 Rbd8 26.Nb3 Nf8 27.Qe3 Ne6 28.e5 Be7 29.c5 Rxd1+ 30.Rxd1 Rd8
31.Rd6 Ba6  1/2-1/2

[Event "Balatontourist Open"]
[Site "Budapest HUN"]
[Date "2000.06.19"]
[Round "4"]
[White "Berczes,C"]
[Black "Tornai,I"]
[Result "1/2-1/2"]
[WhiteElo "2109"]
[BlackElo "2227"]

1.e4 g6 2.d4 Bg7 3.Nc3 d6 4.Bg5 c6 5.Qd2 Qa5 6.f3 Be6 7.Nge2 Na6 8.h4 h5
9.Nd1 Qxd2+ 10.Bxd2 c5 11.d5 Bd7 12.Nec3 Nc7 13.a4 b6 14.Nb5 Kd8 15.Nxc7 Kxc7
16.Bb5 Nf6 17.c4 a6 18.Bxd7 Nxd7 19.Bc3 Be5 20.Kd2 Rhb8 21.Bxe5 Nxe5 22.Ne3 b5
23.axb5 axb5 24.cxb5 Rxa1 25.Rxa1 Rxb5 26.Ra7+ Rb7 27.Rxb7+ Kxb7 28.Kc3 Ka6
29.Nc4 Nd7 30.b4 Kb5 31.bxc5 Kxc5 32.Na5 Ne5 33.Nb3+ Kb5 34.Nd4+ Kc5 35.Nb3+  1/2-1/2

[Event "Balatontourist Open"]
[Site "Budapest HUN"]
[Date "2000.06.19"]
[Round "4"]
[White "Torok,S"]
[Black "Francsics,E"]
[Result "0-1"]
[WhiteElo "2074"]
[BlackElo "2248"]

1.e4 d6 2.d4 g6 3.Nc3 Bg7 4.Be3 Nd7 5.Qd2 a6 6.f3 b5 7.a4 b4 8.Nd1 a5 9.Nf2 e5
10.f4 exf4 11.Bxf4 Bb7 12.Nf3 Ngf6 13.Bd3 O-O 14.O-O-O Nb6 15.Bh6 Qe8 16.e5 Qxa4
17.Qg5 Ne4 18.Bxe4 Nc4 19.Kb1 b3 20.cxb3 Qxb3 21.Rd2 a4 22.Bd3 Bd5 23.Bxc4 Bxc4  0-1

[Event "11th Open"]
[Site "Ljubljana SLO"]
[Date "2000.06.19"]
[Round "3"]
[White "Gruskovnjak,T"]
[Black "Ciglic,B"]
[Result "1-0"]
[WhiteElo "2231"]
[BlackElo "2128"]

1.e4 g6 2.d4 d6 3.Nc3 Bg7 4.Nge2 Nd7 5.g3 e5 6.Bg2 Ne7 7.O-O O-O 8.dxe5 dxe5
9.Be3 c6 10.Qd6 Nb6 11.Qb4 Be6 12.Rfd1 Qc7 13.Bc5 Nbc8 14.a4 a5 15.Qa3 b6
16.Be3 Re8 17.b3 Rb8 18.Rd2 Bf8 19.Qb2 Nd6 20.Rad1 Red8 21.Nc1 f6 22.Qa3 Nf7
23.Qa1 f5 24.Nd3 Bg7 25.f3 Rd7 26.b4 axb4 27.Nxb4 Rxd2 28.Rxd2 Nd6 29.Na6 Qd8
30.Nxb8 Qxb8 31.Qd1 Nec8 32.Bf1 h6 33.Qb1 Qc7 34.Rd1 Bf8 35.Kg2  1-0

[Event "Jack Collins Int Final B"]
[Site "New York USA"]
[Date "2000.06.19"]
[Round "1"]
[White "Shahade,G"]
[Black "Alexopoulos,G"]
[Result "1-0"]
[WhiteElo "2461"]
[BlackElo "2255"]

1.e4 g6 2.d4 Bg7 3.Nc3 d6 4.Nf3 Nf6 5.Be3 a6 6.Qd2 b5 7.Bd3 Bb7 8.a3 Nbd7
9.e5 Nd5 10.Bh6 Bxh6 11.Qxh6 Nxc3 12.bxc3 Bxf3 13.gxf3 dxe5 14.Qg7 Rf8 15.dxe5 Nc5
16.O-O-O Qc8 17.Be4 c6 18.Qh6 Nxe4 19.fxe4 Qe6 20.f4 Qa2 21.Qh3 f5 22.Qxh7 Qa1+
23.Kd2 O-O-O+ 24.Ke2 Qxc3 25.Qxe7 Qxc2+ 26.Kf3 Qxe4+ 27.Kg3 Qe3+ 28.Kg2 Qe2+
29.Kg3 Qg4+ 30.Kf2 Qxf4+ 31.Kg2 Qe4+ 32.Kf2 Qc2+ 33.Kg3 f4+ 34.Kf3 Rxd1 35.Qxf8+ Kb7
36.Qe7+ Kb6 37.Rxd1 Qxd1+ 38.Kxf4 Qd2+ 39.Kg4 Qg2+ 40.Kh4 Qxh2+ 41.Kg5 Qg3+
42.Kh6 Qh3+ 43.Kg7 g5 44.e6 g4 45.Qd8+ Kb7 46.Qd7+ Kb6 47.Qd4+  1-0

[Event "ch-IND Women"]
[Site "Mumbai IND"]
[Date "2000.06.20"]
[Round "13"]
[White "Pratibha,Y"]
[Black "Gokhale,A"]
[Result "0-1"]
[WhiteElo "2091"]
[BlackElo "2197"]

1.e4 g6 2.d4 Bg7 3.Nc3 d6 4.f4 Nf6 5.Nf3 O-O 6.Bd3 Na6 7.O-O c5 8.d5 Rb8
9.Bc4 b5 10.Nxb5 Nxe4 11.Qe2 Nf6 12.Nxa7 Nb4 13.c3 Nbxd5 14.Nc6 Qc7 15.Nxb8 Qxb8
16.Rd1 Bb7 17.a4 Qa8 18.Bb5 Nh5 19.Rf1 e6 20.Ng5 h6 21.Ne4 Rd8 22.Ng3 Nxg3
23.hxg3 h5 24.Bd2 Nf6 25.Rfd1 Ng4 26.Be1 d5 27.a5 d4 28.a6 Bd5 29.c4 Be4
30.Ba5 d3 31.Qe1 Bd4+ 32.Qe3 Bxe3+ 33.Kf1 Bxg2+ 34.Ke1 Qf3  0-1

[Event "zt 1.4"]
[Site "Budapest HUN"]
[Date "2000.06.21"]
[Round "5"]
[White "Manik,M"]
[Black "Chernin,A"]
[Result "1/2-1/2"]
[WhiteElo "2469"]
[BlackElo "2583"]

1.e4 g6 2.d4 Bg7 3.Nc3 d6 4.Be3 c6 5.Qd2 b5 6.f3 Nd7 7.Nge2 Bb7 8.g4 h5 9.g5 e6
10.h4 Ne7 11.Ng3 a6 12.f4 c5 13.dxc5  1/2-1/2

[Event "zt 1.4"]
[Site "Budapest HUN"]
[Date "2000.06.21"]
[Round "5"]
[White "Acs,P"]
[Black "Spasov,V"]
[Result "1-0"]
[WhiteElo "2542"]
[BlackElo "2590"]

1.e4 g6 2.d4 Bg7 3.Nc3 d6 4.f4 Nf6 5.Nf3 O-O 6.Bd3 Na6 7.O-O c5 8.d5 Rb8
9.f5 Nb4 10.fxg6 hxg6 11.Be2 Bg4 12.Ng5 Qd7 13.a3 Na6 14.Qe1 Nc7 15.Bd3 b5
16.Qh4 Rfc8 17.Be3 c4 18.e5 cxd3 19.exf6 exf6 20.Qh7+ Kf8 21.Nge4 Ne8 22.Rae1 dxc2
23.Bh6 Bxh6 24.Qh8+ Ke7 25.Nxf6+  1-0

[Event "Balatontourist Open"]
[Site "Budapest HUN"]
[Date "2000.06.21"]
[Round "6"]
[White "Gonda,L"]
[Black "Francsics,E"]
[Result "0-1"]
[WhiteElo "2155"]
[BlackElo "2248"]

1.e4 d6 2.d4 g6 3.Nc3 Bg7 4.f4 a6 5.Nf3 b5 6.Bd3 c5 7.dxc5 dxc5 8.e5 c4 9.Be4 Qxd1+
10.Nxd1 Ra7 11.a4 f5 12.exf6 Nxf6 13.Nf2 Nxe4 14.Nxe4 b4 15.c3 Bf5 16.Nfd2 O-O
17.O-O bxc3 18.bxc3 Rd7 19.Re1 Rfd8 20.Kf2 Nc6 21.Nxc4 Nb4 22.Nc5 Bxc3 23.Nxd7 Nd3+
24.Ke2 Nxe1 25.Ra3 Bg4+ 26.Kf1 Bb4 27.Rb3 a5 28.Nde5 Rd1 29.Be3 Nd3+  0-1

[Event "Jack Collins Int Final B"]
[Site "New York USA"]
[Date "2000.06.21"]
[Round "3"]
[White "Lapshun,Y"]
[Black "Alexopoulos,G"]
[Result "1-0"]
[WhiteElo "2429"]
[BlackElo "2255"]

1.e4 g6 2.d4 Bg7 3.Nc3 d6 4.Be2 Nf6 5.Nf3 O-O 6.O-O Bg4 7.Be3 Nc6 8.d5 Bxf3
9.Bxf3 Ne5 10.Be2 c6 11.f4 Ned7 12.Qd2 Qa5 13.a4 Rfc8 14.dxc6 Rxc6 15.Ra3 Ne8
16.Bd4 Bxd4+ 17.Qxd4 Qb6 18.Qxb6 Nxb6 19.Rb3 Rb8 20.Bb5 Rc5 21.Rd1 Nf6 22.Rd4 Na8
23.Rc4 Rbc8 24.Rxc5 Rxc5 25.a5 Kg7 26.Bd3 b6 27.axb6 Nxb6 28.Kf2 e5 29.g3 Ng4+
30.Kg2 exf4 31.gxf4 d5 32.e5 Ne3+ 33.Kf3 Nxc2  1-0

[Event "zt 1.4"]
[Site "Budapest HUN"]
[Date "2000.06.22"]
[Round "6"]
[White "Nevednichy,V"]
[Black "Badea,B"]
[Result "1-0"]
[WhiteElo "2589"]
[BlackElo "2486"]

1.e4 g6 2.d4 Bg7 3.Nc3 d6 4.Be3 a6 5.Qd2 b5 6.a4 b4 7.Nd1 a5 8.f4 Nf6 9.Nf2 O-O
10.Nf3 Na6 11.e5 Ng4 12.Bc4 dxe5 13.Nxe5 Nxe5 14.dxe5 Qxd2+ 15.Kxd2 Bb7 16.Ke2 Bxg2
17.Rhg1 Bb7 18.Rad1 Nb8 19.Bc5 Re8 20.b3 Ba6 21.Bb5 c6 22.Bxa6 Nxa6 23.Bb6 Reb8
24.Be3 Nc7 25.Rd4 Nd5 26.Rc4 Rc8 27.Kf3 e6 28.Ne4 Bf8 29.Bc5 Bxc5 30.Rxc5 Kf8
31.Rd1 Ke7 32.Nd6 Rc7 33.Nc4 f6 34.Nxa5 fxe5 35.fxe5 Rf8+ 36.Kg3 Kd7 37.Nc4 Rf5
38.Rd3 Ke7 39.h4 g5 40.hxg5 Rxg5+ 41.Kh2 Rc8 42.Rg3 Rxg3 43.Kxg3 Rg8+ 44.Kh2 Nf4
45.Na5 Kd7 46.Rc4 Rg2+ 47.Kh1 Rg4 48.Rxc6 h5 49.Rd6+ Kc7 50.Nc4 Rh4+ 51.Kg1 Rg4+
52.Kf2 Nh3+ 53.Ke3 Rg3+ 54.Ke2 Rg2+ 55.Kd1 Rg1+ 56.Ke2 Rg2+ 57.Kd3 Rg3+ 58.Ne3 Ng5
59.Rd4 Nf3 60.Rc4+ Kd7 61.Ke2 h4 62.Kf2 Rh3 63.Ng4 Ng5 64.a5 Rh1 65.a6 h3
66.Rxb4 Ra1 67.Kg3 Rxa6 68.Kf4 Nf7 69.Rb7+ Ke8 70.Nf6+ Kf8 71.Rb8+ Kg7 72.Rg8+ Kh6
73.Rg3 Nd8 74.Rxh3+ Kg6 75.Rd3 Nb7 76.Ne4  1-0

[Event "It Ingres"]
[Site "Montauban FRA"]
[Date "2000.06.22"]
[Round "1"]
[White "Touzane,O"]
[Black "Murey,J"]
[Result "0-1"]
[WhiteElo "2384"]
[BlackElo "2487"]

1.d4 g6 2.e4 Bg7 3.Nc3 d6 4.Be3 c6 5.Qd2 b5 6.f3 Nd7 7.a3 Bb7 8.g4 a6 9.Nge2 h5
10.gxh5 Rxh5 11.f4 Ngf6 12.Ng3 Rh4 13.f5 c5 14.fxg6 fxg6 15.Bg5 cxd4 16.Bxh4 dxc3
17.Qxc3 Rc8 18.Qd2 Nxe4 19.Nxe4 Bxe4 20.Bd3 Bxd3 21.cxd3 Ne5 22.O-O Qb6+
23.d4 Rc4 24.Qg2 Qxd4+ 25.Bf2 Qg4 26.Bg3 Qe4 27.Qxe4 Rxe4 28.b3 Nf3+ 29.Kg2 Nh4+
30.Bxh4 Bxa1 31.Bxe7 Kxe7 32.Rxa1 Re2+ 33.Kg3 Re3+ 34.Kg4 Rxb3 35.h4 Kf6
36.Rf1+ Ke5 37.Re1+ Kd4 38.Re6 Rxa3 39.Rxg6 b4 40.h5 b3 41.h6 Ra1 42.Rxd6+ Kc5
43.Rd3 b2 44.h7 Rg1+ 45.Kf4 b1=Q 46.Rc3+ Kd5  0-1

[Event "TCh-POR"]
[Site "Aveiro POR"]
[Date "2000.06.23"]
[Round "7"]
[White "Cordovil,J"]
[Black "Damaso,R"]
[Result "1/2-1/2"]
[WhiteElo "2198"]
[BlackElo "2425"]

1.e4 g6 2.d4 Bg7 3.Nc3 d6 4.Be3 a6 5.Qd2 b5 6.f3 Nd7 7.h4 h5 8.Nh3 c5 9.Rd1 cxd4
10.Bxd4 Ngf6 11.Nf2 Bb7 12.a3 Rc8 13.Be2 Nb6 14.O-O Nc4 15.Bxc4 Rxc4 16.Ne2 O-O
17.c3 Qb8 18.Qg5 e5 19.Be3 d5 20.exd5 Nxd5 21.Bc1 Bf6 22.Qh6 Ne7 23.Ne4 Bg7
24.Qg5 Bxe4 25.Qxe7 Qb6+ 26.Kh2 Ba8 27.g3 e4 28.Rd6 Rc6 29.Rxc6 Qxc6 30.fxe4 Qc4
31.Rf2 Bxe4 32.Be3 Bc6 33.Nd4 Ba8 34.Nf3 Qc6 35.Qc5 Qe4 36.Bd4 f6 37.Qc7 Re8
38.Qf4 Qc6 39.g4 Re4 40.Qb8+ Re8 41.Qf4 Bf8 42.Qxf6 Qxf6 43.Bxf6 Bd6+ 44.Kg1 hxg4
45.Nd4 Re1+ 46.Rf1 Bh2+ 47.Kf2 Re8 48.Ne2 Bd5 49.Rd1 Bf3 50.Rd8 Kf7 51.Rxe8 Kxe8
52.Bg5 Kd7 53.Bf4 Bxe2  1/2-1/2

[Event "Balatontourist Open"]
[Site "Budapest HUN"]
[Date "2000.06.24"]
[Round "9"]
[White "Torok,S"]
[Black "Horvath,Je"]
[Result "1-0"]
[WhiteElo "2074"]
[BlackElo "2152"]

1.e4 g6 2.d4 Bg7 3.Nc3 d6 4.Be3 c6 5.f3 b5 6.Qd2 a6 7.O-O-O h5 8.Nh3 Nd7
9.Ng5 Nb6 10.b3 b4 11.Ne2 a5 12.f4 Nh6 13.f5 gxf5 14.Nf4 Ng4 15.Be2 fxe4
16.Rhf1 Bf6 17.Nxe4 d5 18.Ng3 Bg5 19.Ngxh5 Rxh5 20.Bxg4 Bxg4 21.Nxh5 Bxh5
22.Bxg5 Bg6 23.Rde1 Nc8 24.Qf4 a4 25.Qf6 Kd7 26.Qf3 axb3 27.Qh3+ Ke8 28.Qh8+ Kd7
29.Qh3+ Ke8 30.Qh8+ Kd7 31.Qxd8+ Kxd8 32.axb3 Ra1+ 33.Kb2 Ra7 34.Ra1 Rb7
35.Ra8 Kd7 36.Rfa1 e5 37.dxe5 c5 38.Bf4 c4 39.bxc4 Nb6 40.R8a7 Nxc4+ 41.Kb3 Rxa7
42.Rxa7+ Ke6 43.Ra6+ Kf5 44.Rf6+ Ke4 45.e6  1-0

[Event "It Ingres"]
[Site "Montauban FRA"]
[Date "2000.06.27"]
[Round "6"]
[White "Bergez,L"]
[Black "Boyd,S"]
[Result "1-0"]
[WhiteElo "2424"]
[BlackElo "2384"]

1.e4 g6 2.d4 Bg7 3.Nc3 d6 4.Bg5 h6 5.Be3 a6 6.a4 b6 7.f4 e6 8.Nf3 Ne7 9.Qd2 Nd7
10.Bd3 Bb7 11.f5 gxf5 12.exf5 e5 13.dxe5 Nxe5 14.Nxe5 Bxe5 15.O-O d5 16.Bf4 Nc6
17.Rae1 f6 18.Be2 Bxf4 19.Bh5+ Kf8 20.Qxf4 Ne5 21.Ne2 c5 22.Qh4 Qd6 23.Nf4 Rh7
24.Bg6 Kg8 25.Bxh7+ Kxh7 26.Ne6 Rg8 27.Re3 Rxg2+ 28.Kxg2 d4+ 29.Kh3 dxe3
30.Qxf6 Bg2+ 31.Kxg2  1-0

[Event "White Nights Open"]
[Site "St Petersburg RUS"]
[Date "2000.06.28"]
[Round "5"]
[White "Altshul,R"]
[Black "Chepukaitis,G"]
[Result "1/2-1/2"]
[WhiteElo "2333"]
[BlackElo "2393"]

1.e4 g6 2.d4 Bg7 3.Nc3 d6 4.Nf3 a6 5.Be2 Nd7 6.O-O e6 7.Bg5 Ne7 8.Re1 h6
9.Be3 b6 10.a4 Bb7 11.Nd2 O-O 12.Bf3 Rb8 13.Ne2 Kh7 14.c3 e5 15.Qc2 Bc8 16.Nc4 f5
17.dxe5 fxe4 18.Bxe4 d5 19.Rad1 Nc5 20.Bxc5 bxc5 21.Ne3 c6 22.c4 d4 23.Nf1 Bxe5
24.Nc1 Bd6 25.Ng3 Kg7 26.Nd3 Bg4 27.f3 Bc8 28.Qd2 h5 29.Qg5 Nf5 30.Qxd8 Rxd8
31.Bxf5 Bxg3 32.hxg3 Bxf5 33.Nxc5 Rxb2 34.Re7+ Kh6 35.Nb7 Rb8 36.Nd6 Rb1
37.Nxf5+ gxf5 38.Rde1 d3 39.Re6+ Kg7 40.Re7+ Kf8 41.Re8+ Rxe8 42.Rxb1 Ke7
43.Re1+ Kd7 44.Rd1 Kd6 45.Rxd3+ Kc5 46.Rd7 Kxc4 47.Ra7 c5 48.Rxa6 Kd5 49.Kf2 c4
50.Ra5+ Kd4 51.Rxf5 c3 52.Rxh5 c2 53.Rh1 Kd3 54.f4 Rb8 55.Rc1 Kd2 56.Rxc2+ Kxc2
57.Ke3 Kc3 58.Ke4 Kc4 59.g4 Kc5 60.Ke5 Re8+ 61.Kf6 Kd6 62.f5 Rf8+ 63.Kg7 Ke7
64.a5 Rf7+ 65.Kg8 Rf8+ 66.Kg7 Rf6 67.a6 Rf7+ 68.Kg8  1/2-1/2

[Event "White Nights Women"]
[Site "St Petersburg RUS"]
[Date "2000.06.29"]
[Round "6"]
[White "Korbut,E"]
[Black "Sirotkina,N"]
[Result "1-0"]
[WhiteElo "2294"]
[BlackElo "2284"]

1.e4 d6 2.d4 g6 3.Nc3 Bg7 4.Be3 c6 5.Qd2 b5 6.Bd3 Nd7 7.Nf3 Qc7 8.O-O Nb6
9.b3 Bg4 10.Ne1 e5 11.dxe5 dxe5 12.f3 Be6 13.Qf2 Nd7 14.Be2 Ngf6 15.Nd3 O-O
16.a4 a6 17.Nc5 Nxc5 18.Bxc5 Rfc8 19.Rfd1 Nd7 20.Bd6 Qb7 21.Bf1 b4 22.Nb1 Bf8
23.Bxf8 Nxf8 24.Nd2 c5 25.Bc4 Qc7 26.Bd5 Rab8 27.Nc4 Rd8 28.Rd2 Kg7 29.Rad1 f6
30.a5 Bxd5 31.exd5 Nd7 32.Qe3 Re8 33.d6 Qc6 34.Rd5 Rbd8 35.R1d2 Nf8 36.Rxc5 Qa8
37.Rc7+  1-0

[Event "XVIII Open"]
[Site "Andorra AND"]
[Date "2000.06.30"]
[Round "7"]
[White "Mateo,Ra"]
[Black "Cicak,S"]
[Result "1-0"]
[WhiteElo "2408"]
[BlackElo "2506"]

1.d4 g6 2.e4 Bg7 3.Nc3 d6 4.Be3 a6 5.g4 b5 6.g5 Bb7 7.Bg2 h5 8.gxh6 Nxh6
9.Bf3 Nc6 10.Nge2 Na5 11.b3 Nf5 12.exf5 Bxf3 13.Rg1 c5 14.fxg6 f5 15.Qd3 O-O
16.Bg5 Bg4 17.f3 Bh3 18.Rg3 cxd4 19.Rxh3 d5 20.Nxd4 Qd6 21.f4 Qb4 22.Nc6  1-0

[Event "XVIII Open"]
[Site "Andorra AND"]
[Date "2000.07.01"]
[Round "8"]
[White "Cosma,I"]
[Black "Hamdouchi,H"]
[Result "0-1"]
[WhiteElo "2468"]
[BlackElo "2513"]

1.d4 d6 2.e4 g6 3.Nc3 Bg7 4.Nf3 a6 5.a4 Nf6 6.h3 O-O 7.Be3 b6 8.Bc4 e6 9.O-O Bb7
10.d5 exd5 11.exd5 Nbd7 12.Re1 Re8 13.Qd2 Nc5 14.Bd4 Qd7 15.Rxe8+ Rxe8 16.b4 Nce4
17.Nxe4 Nxe4 18.Qd3 Bxd4 19.Nxd4 Nf6 20.Bxa6 Bxd5 21.a5 bxa5 22.bxa5 Ba8
23.Bb5 c6 24.Ba4 Ne4 25.Nb3 Qa7 26.Qd4 c5 27.Qd3 Re5 28.c4 Qe7 29.Re1 Nc3
30.Rxe5 Qxe5 31.Nxc5 Qe1+ 32.Kh2 Ne2 33.Qd1 Qxf2  0-1

[Event "White Nights Women"]
[Site "St Petersburg RUS"]
[Date "2000.07.01"]
[Round "8"]
[White "Popova,N"]
[Black "Sirotkina,N"]
[Result "1-0"]
[WhiteElo "2261"]
[BlackElo "2284"]

1.e4 d6 2.d4 g6 3.Nc3 Bg7 4.f4 e6 5.Nf3 Ne7 6.Bd3 c6 7.O-O O-O 8.Be3 b5 9.Qe1 Nd7
10.Kh1 Nb6 11.a4 b4 12.a5 bxc3 13.axb6 cxb2 14.Rxa7 Rb8 15.Qb1 Qxb6 16.Ra3 Qc7
17.Rb3 Rxb3 18.cxb3 Bd7 19.Qxb2 Rb8 20.Rb1 Qb7 21.Qf2 Ra8 22.Qf1 Ra2 23.b4 h6
24.Qd1 Qa8 25.Bc4 Ra3 26.Bb3 Kh7 27.h4 Ng8 28.Nd2 Qd8 29.Bf2 d5 30.e5 Bf8
31.Bc2 Ne7 32.Nf3 Nc8 33.h5 Nb6 34.hxg6+ fxg6 35.Nh4 Be8 36.Qg4 Qe7 37.Nxg6 Bxg6
38.Qxg6+ Kh8 39.Kg1 Nd7 40.Bh4 Qg7 41.Qxe6 Ra2 42.Qg6 Qxg6 43.Bxg6 Ra4 44.e6  1-0

[Event "White Nights Open"]
[Site "St Petersburg RUS"]
[Date "2000.07.01"]
[Round "8"]
[White "Petrov,Ant"]
[Black "Kuzmin,G2"]
[Result "1-0"]
[WhiteElo "2335"]
[BlackElo "2215"]

1.d4 g6 2.e4 Bg7 3.Nc3 d6 4.f4 Nc6 5.Be3 Nf6 6.Nf3 Bg4 7.Qd2 Bxf3 8.gxf3 d5
9.O-O-O e6 10.f5 exf5 11.exf5 Ne7 12.Bh3 Qd7 13.Bh6 O-O 14.Rhg1 Bxh6 15.Qxh6 Qd6
16.Ne2 Rae8 17.Nf4 Kh8 18.fxg6 fxg6 19.Rxg6 Nxg6 20.Nxg6+ Kg8 21.Rg1 Kf7
22.Nxf8 Rxf8 23.Rg7+ Ke8 24.Qe3+ Kd8 25.Qg5 Qxh2 26.Rd7+ Ke8 27.Qe3+ Ne4
28.fxe4 Qh1+ 29.Kd2 dxe4 30.Rxh7  1-0

[Event "White Nights Open"]
[Site "St Petersburg RUS"]
[Date "2000.07.01"]
[Round "8"]
[White "Altshul,R"]
[Black "Kuzmina,O"]
[Result "1-0"]
[WhiteElo "2333"]
[BlackElo "2188"]

1.d4 g6 2.e4 Bg7 3.Nc3 d6 4.Be3 Nc6 5.Nge2 e5 6.Qd2 f5 7.d5 Nce7 8.f3 Nf6
9.exf5 gxf5 10.Bg5 O-O 11.O-O-O Ne8 12.Bh6 c5 13.dxc6 bxc6 14.Bxg7 Kxg7 15.f4 Qb6
16.Na4 Qb5 17.b3 Rb8 18.c4 Qb4 19.Qxb4 Rxb4 20.c5 dxc5 21.Nxc5 e4 22.Nd4 Rf6
23.Nc2 Rb8 24.Nd7 Bxd7 25.Rxd7 Kf8 26.Rxa7 Rd8 27.Bc4 Rfd6 28.Re1 Nf6 29.Ne3 Rd2
30.Be2 h6 31.g3 Ke8 32.Ra5 Kf7 33.Nc4 R2d5 34.Ra7 Kf8 35.a4 Nd7 36.b4 Rb8
37.Ne3 Rd6 38.Nc2 Nb6 39.h3 Nbd5 40.Rd1 Rg6 41.g4 Nxf4 42.Bc4 fxg4 43.Rf1 Rf6
44.hxg4 Ned5 45.Rh1 Nxb4 46.g5 Nfd3+ 47.Bxd3 Nxd3+ 48.Kd2 Rf2+ 49.Kc3 Rxc2+
50.Kxc2 Rb2+ 51.Kc3  1-0